000
00322nam a2200133Ia 4500
005
20251222144731.0
008
251222s9999||||xx |||||||||||||| ||spa||
020
_a
84-500-6150-4
082
_a
868.48/G24
100
_a
García Saez, Santiago
245
0
_a
Montengón:
264
_b
Universidad de Alicante
942
_c
LIB
999
_c
18590
_d
18590